000 00447nam a2200181Ia 4500
005 20240823033722.0
008 240823s9999||||xx |||||||||||||| ||und||
041 _aENGLISH
082 _A004.165 M9
100 _aArangaraju A R
245 0 _aPrinciples of Microprocessors
250 _a1st
260 _c1989
_b"Pratheeba,Coimbatore"
500 _aTRANSFERED
650 _aMicroprocesser
_bComputer Science
942 _cBK
999 _c196486
_d196486